000 00853namaa2200277 a 4500
001 vtls001305115
003 NLI
005 20210627043906.0
008 120418s1980 dcu i000 0 eng
039 9 _y201204181936
_zVLOAD
040 0 _aNLI
_cVTLS-2012_FOD
_eAACR2
041 0 _aeng
044 _adcu
082 0 4 _a380.1
100 1 _aRuderman, Florence K.
_9714898
245 1 0 _aProduction, Prices, Employment, and Trade in Northwest Forest Industries/
_cFlorence K. Ruderman
260 _aWashington, D.C. :
_bUnited States Government Printing Office,
_c1980
300 _a57 p. :
_c28 cm.
500 _atitle from the cover
650 0 _aSpace in economics
_zUnited States
_9725512
650 0 _aMarketing
_zUnited States
_9714753
887 _a
901 _aAD 138958
_b25.10.2010
902 _aU.S 380.1 R 833
942 _2ddc
_cBKS
999 _c596223
_d596223